[Event "KAUPTHING OPEN 2007 B"]
[Site "?"]
[Date "2007.07.14"]
[Round "9.4"]
[White "Henrichs, Wenke"]
[Black "Parreira, Luis Miguel"]
[Result "1-0"]
[WhiteElo "2079"]
[BlackElo "1969"]
[PlyCount "107"]
[EventDate "2007.07.18"]

1. d4 Nf6 2. c4 e5 3. dxe5 Ng4 4. Bf4 Nc6 5. Nf3 Bb4+ 6. Nbd2 Qe7 7. e3 Ngxe5
8. Nxe5 Nxe5 9. Be2 d6 10. O-O Bxd2 11. Qxd2 b6 12. b4 Bb7 13. Rfd1 O-O 14. Qc3
Rfe8 15. c5 Qf6 16. Rac1 Qg6 17. Bg3 a5 18. a3 axb4 19. axb4 Ra2 20. Bf1 bxc5
21. bxc5 h5 22. h4 Qe4 23. Bxe5 Rxe5 24. cxd6 cxd6 25. Rd4 Qg6 26. Qb3 Ra7 27.
Qb6 Rea5 28. Rxd6 Qg4 29. Rd4 Qe6 30. Qxe6 fxe6 31. Bc4 Bd5 32. Bxd5 exd5 33.
Rcd1 Ra4 34. Rxa4 Rxa4 35. Rxd5 g6 36. g3 Kf7 37. Kg2 Ra6 38. e4 Ra3 39. f3
Ra2+ 40. Kf1 Ke6 41. Rd1 Rb2 42. Re1 Ra2 43. Re2 Ra3 44. Kf2 Rb3 45. Rc2 Rb6
46. Ke3 Rb5 47. Kf4 Ra5 48. Rc6+ Kf7 49. g4 hxg4 50. Kxg4 Ra1 51. e5 Rg1+ 52.
Kf4 Rh1 53. Kg5 Rf1 54. Rf6+ 1-0

[Event "KAUPTHING OPEN 2007 B"]
[Site "?"]
[Date "2007.07.14"]
[Round "9.5"]
[White "Schweitzer, Marc"]
[Black "Ortartchiev, Gadji"]
[Result "0-1"]
[WhiteElo "1912"]
[BlackElo "1992"]
[PlyCount "110"]
[EventDate "2007.07.18"]

1. c4 Nf6 2. Nc3 g6 3. d4 Bg7 4. e4 O-O 5. e5 Ne8 6. f4 d6 7. Nf3 dxe5 8. fxe5
Bg4 9. Be2 Nd7 10. h3 Bxf3 11. Bxf3 Rb8 12. Bf4 e6 13. c5 f6 14. exf6 Ndxf6 15.
Bg5 Qd7 16. O-O Nd5 17. Nxd5 exd5 18. Qd2 Nf6 19. Rae1 c6 20. Bf4 Rbe8 21. Bd6
Ne4 22. Bxe4 Rxf1+ 23. Rxf1 Rxe4 24. Kh1 Rxd4 25. Rf8+ Bxf8 26. Qxd4 Bxd6 27.
cxd6 Qxd6 28. Qxa7 Qe7 29. Qb8+ Kg7 30. Kh2 d4 31. Qf4 c5 32. b3 d3 33. a4 b6
34. b4 Qd7 35. Qe5+ Kf8 36. Qf4+ Kg8 37. Qb8+ Kg7 38. Qe5+ Kf7 39. Qf4+ Ke8 40.
Qe4+ Kd8 41. Qa8+ Kc7 42. Qa7+ Kd8 43. Qa8+ Ke7 44. Qe4+ Qe6 45. Qxd3 Qd6+ 46.
Qxd6+ Kxd6 47. bxc5+ Kxc5 48. Kg3 Kb4 49. Kf4 Kxa4 50. Kg5 b5 51. Kh6 b4 52.
Kxh7 b3 53. Kxg6 b2 54. g4 b1=Q+ 55. Kh5 Qh7+ 0-1

[Event "KAUPTHING OPEN 2007 B"]
[Site "?"]
[Date "2007.07.14"]
[Round "9.6"]
[White "Birtz, Claude"]
[Black "Roitzsch, Philippe"]
[Result "0-1"]
[WhiteElo "1936"]
[BlackElo "1874"]
[PlyCount "54"]
[EventDate "2007.07.18"]

1. d4 Nf6 2. c4 e6 3. Nc3 Bb4 4. Nf3 d5 5. e3 O-O 6. Bd3 c5 7. O-O Nc6 8. a3
Bxc3 9. bxc3 Na5 10. cxd5 c4 11. Bc2 exd5 12. Ne5 Nc6 13. Nxc6 bxc6 14. a4 Re8
15. Ba3 Qc7 16. Qf3 Bg4 17. Qg3 Qc8 18. h3 Bf5 19. Bxf5 Qxf5 20. Rfc1 Ne4 21.
Qf3 Qxf3 22. gxf3 Nd2 23. Rc2 Nxf3+ 24. Kg2 Nh4+ 25. Kh2 Re6 26. Kg3 Nf5+ 27.
Kg2 Rxe3 0-1

[Event "KAUPTHING OPEN 2007 B"]
[Site "?"]
[Date "2007.07.14"]
[Round "9.7"]
[White "Carrillo, Jesus"]
[Black "Kruis, Ruud"]
[Result "1/2-1/2"]
[WhiteElo "2174"]
[BlackElo "1988"]
[PlyCount "77"]
[EventDate "2007.07.18"]

1. e4 c6 2. d4 d5 3. exd5 cxd5 4. c4 Nc6 5. Nf3 Bg4 6. Be2 Nf6 7. Nc3 e6 8.
cxd5 Nxd5 9. O-O Be7 10. Qb3 Qb6 11. Nxd5 Qxb3 12. axb3 exd5 13. Bb5 Bxf3 14.
gxf3 O-O 15. Ra4 a6 16. Bxc6 bxc6 17. Bf4 g5 18. Re1 Ra7 19. Be5 h5 20. h3 a5
21. Rea1 Rfa8 22. Kf1 f6 23. Bh2 Bb4 24. Rc1 Rc8 25. Rc2 Re7 26. Ra1 Re6 27.
Rac1 Kf7 28. Re2 Rxe2 29. Kxe2 Ke6 30. Kd3 Kd7 31. Rc2 Re8 32. Re2 Rxe2 33.
Kxe2 Ke6 34. Bc7 f5 35. Bd8 g4 36. fxg4 fxg4 37. hxg4 hxg4 38. Ke3 Kf5 39. Bc7
1/2-1/2

[Event "KAUPTHING OPEN 2007 B"]
[Site "?"]
[Date "2007.07.14"]
[Round "9.8"]
[White "Dubois, Martine"]
[Black "Bakalarz, Leszek"]
[Result "0-1"]
[WhiteElo "2073"]
[BlackElo "2105"]
[PlyCount "106"]
[EventDate "2007.07.18"]

1. e4 c5 2. c3 Nf6 3. e5 Nd5 4. d4 cxd4 5. Nf3 Nc6 6. cxd4 d6 7. Bc4 Nb6 8. Bb3
Bf5 9. exd6 e6 10. d5 Nxd5 11. Bxd5 exd5 12. Qxd5 Be6 13. d7+ Qxd7 14. Qxd7+
Bxd7 15. O-O f6 16. Nc3 Kf7 17. Be3 Be6 18. Nd4 Nxd4 19. Bxd4 b6 20. Rfc1 Rd8
21. Be3 Bd6 22. Nb5 Be5 23. Rc2 Bf5 24. Rd2 Rxd2 25. Bxd2 Bxb2 26. Re1 Rd8 27.
Bb4 a5 28. Be7 Rd5 29. Nd6+ Kg6 30. Nc4 Bd4 31. h4 h5 32. Bf8 Bd3 33. Nd6 Bc5
34. Re6 Bf5 35. Nxf5 Kxf5 36. Re8 Rd1+ 37. Kh2 Bxf8 38. Rxf8 Rd2 39. Rb8 Rxf2
40. Rxb6 Rxa2 41. Kh3 Re2 42. Ra6 Re5 43. Kg3 Re3+ 44. Kf2 Ra3 45. Ra7 g5 46.
hxg5 fxg5 47. Rc7 h4 48. Rc4 Ra2+ 49. Kf3 g4+ 50. Ke3 Rxg2 51. Rc5+ Ke6 52.
Rxa5 h3 53. Ra1 h2 0-1

[Event "KAUPTHING OPEN 2007 B"]
[Site "?"]
[Date "2007.07.14"]
[Round "9.9"]
[White "Berens, Thomas"]
[Black "Meyer, Mylène"]
[Result "1/2-1/2"]
[WhiteElo "2032"]
[BlackElo "1720"]
[PlyCount "56"]
[EventDate "2007.07.18"]

1. d4 d5 2. Nf3 Nf6 3. e3 Bf5 4. Nh4 Bg6 5. Nxg6 hxg6 6. Bd3 e6 7. c4 c6 8. Nc3
Qc7 9. h3 Nbd7 10. Bd2 Rc8 11. Rc1 Be7 12. Qf3 Qb8 13. e4 dxe4 14. Nxe4 Nxe4
15. Bxe4 Nf6 16. Bc2 Rd8 17. Bc3 Qc7 18. Rd1 O-O 19. O-O Qb6 20. Rfe1 Bb4 21.
Re2 Rd7 22. Red2 Rfd8 23. Kf1 Qa5 24. Bxb4 Qxb4 25. Qb3 Qxb3 26. Bxb3 Ne4 27.
Rd3 Nc5 28. R3d2 Ne4 1/2-1/2

[Event "KAUPTHING OPEN 2007 B"]
[Site "?"]
[Date "2007.07.14"]
[Round "9.10"]
[White "Papini, Emmanuel"]
[Black "Bakalarz, Grazyna"]
[Result "0-1"]
[WhiteElo "1866"]
[BlackElo "2060"]
[PlyCount "71"]
[EventDate "2007.07.18"]

1. e4 g6 2. Bc4 Bg7 3. d4 d6 4. Ne2 Nf6 5. Nbc3 c6 6. O-O O-O 7. f3 b5 8. Bd3
a6 9. Ng3 e5 10. dxe5 Qb6+ 11. Kh1 dxe5 12. Qe2 Be6 13. Be3 Qc7 14. Qf2 Nbd7
15. Rfd1 Rfe8 16. b3 c5 17. Be2 Qc6 18. a4 b4 19. Na2 Bf8 20. Rab1 c4 21. Rdc1
Rec8 22. Nf1 a5 23. Nd2 c3 24. Nc4 Bxc4 25. Bxc4 Bc5 26. Rd1 Bxe3 27. Qxe3 Nb6
28. Bb5 Qc7 29. Rd3 Rd8 30. Rbd1 Kg7 31. Nc1 Rxd3 32. Qxd3 Qe7 33. Qd6 Nc8 34.
Qc6 Qa7 35. h3 Nd7 36. Qd6 0-1

[Event "KAUPTHING OPEN 2007 B"]
[Site "?"]
[Date "2007.07.14"]
[Round "9.11"]
[White "Baillard, Marc"]
[Black "Duenzel, Jonas"]
[Result "0-1"]
[WhiteElo "2001"]
[BlackElo "1900"]
[PlyCount "64"]
[EventDate "2007.07.18"]

1. d4 Nf6 2. c4 g6 3. Nc3 Bg7 4. e4 d6 5. Bd3 O-O 6. Nge2 Nc6 7. a3 e5 8. d5
Ne7 9. Ng3 Ne8 10. O-O f5 11. f4 c6 12. Qc2 fxe4 13. Bxe4 Nc7 14. dxc6 bxc6 15.
fxe5 Rxf1+ 16. Nxf1 Bxe5 17. Bg5 Bb7 18. h4 Ne6 19. Be3 Nd4 20. Qf2 Nef5 21.
Rd1 Qf6 22. Bxf5 Nxf5 23. Ne4 Qe7 24. Bg5 Qe6 25. b3 c5 26. g4 Bxe4 27. gxf5
Qxf5 28. Qxf5 Bxf5 29. Rd2 Rb8 30. Be7 Rxb3 31. Bxd6 Bd4+ 32. Kg2 Bh3+ 0-1

[Event "KAUPTHING OPEN 2007 B"]
[Site "?"]
[Date "2007.07.14"]
[Round "9.12"]
[White "Solaroli, Riccardo"]
[Black "Caquard, Frederic"]
[Result "1-0"]
[WhiteElo "1929"]
[BlackElo "1881"]
[PlyCount "43"]
[EventDate "2007.07.18"]

1. e4 d6 2. d4 Nf6 3. Nc3 g6 4. Nf3 Bg7 5. h3 Nbd7 6. e5 dxe5 7. dxe5 Ng8 8.
Bf4 e6 9. Qd2 a6 10. O-O-O Ne7 11. Ne4 Nc6 12. Bg5 Ne7 13. Nf6+ Bxf6 14. Bxf6
Rg8 15. Qh6 b5 16. Qxh7 Rf8 17. Ng5 Bb7 18. Bd3 Qc8 19. Nxe6 Nxf6 20. exf6 Ng8
21. Ng7+ Kd8 22. Bf5+ 1-0

[Event "KAUPTHING OPEN 2007 B"]
[Site "?"]
[Date "2007.07.14"]
[Round "9.13"]
[White "Pletsch, Claude"]
[Black "Oliva, Jan"]
[Result "1-0"]
[WhiteElo "1903"]
[BlackElo "1840"]
[PlyCount "33"]
[EventDate "2007.07.18"]

1. e4 c5 2. Nc3 e6 3. g3 Nc6 4. Bg2 g6 5. f4 d6 6. Nf3 Bg7 7. d3 Nge7 8. O-O
O-O 9. Ne2 b5 10. a3 Bb7 11. c3 f5 12. Qb3 Qd7 13. Ng5 d5 14. Qxb5 a6 15. Qxc5
d4 16. e5 h6 17. Qd6 1-0

[Event "KAUPTHING OPEN 2007 B"]
[Site "?"]
[Date "2007.07.14"]
[Round "9.14"]
[White "Bariani, Sebastien"]
[Black "Schneider, Rafael"]
[Result "1/2-1/2"]
[WhiteElo "1700"]
[BlackElo "1807"]
[PlyCount "69"]
[EventDate "2007.07.18"]

1. e4 c5 2. Nf3 Nc6 3. Nc3 Nf6 4. Bb5 d6 5. d4 cxd4 6. Nxd4 Bd7 7. O-O e6 8.
Bg5 Be7 9. Qd2 Qc7 10. Rad1 Rd8 11. Nxc6 Bxc6 12. Bxc6+ Qxc6 13. Qd4 a6 14. Kh1
O-O 15. f3 Rd7 16. Be3 b5 17. Qb6 Rc8 18. Qxc6 Rxc6 19. a3 d5 20. exd5 Nxd5 21.
Nxd5 exd5 22. Rd2 Bc5 23. Bxc5 Rxc5 24. Kg1 Kf8 25. Rfd1 Ke7 26. Kf2 Ke6 27. c3
a5 28. Rd4 Rc4 29. Rxc4 dxc4 30. Rxd7 Kxd7 31. Ke3 Kd6 32. Kd4 Kc6 33. h4 Kd6
34. g4 f6 35. f4 1/2-1/2

[Event "KAUPTHING OPEN 2007 B"]
[Site "?"]
[Date "2007.07.14"]
[Round "9.15"]
[White "Weller, Werner"]
[Black "Adami, Eric"]
[Result "1-0"]
[WhiteElo "1967"]
[BlackElo "1653"]
[PlyCount "133"]
[EventDate "2007.07.18"]

1. d4 d5 2. Nf3 Nf6 3. c4 dxc4 4. Nc3 c6 5. e3 b5 6. a4 Qb6 7. axb5 cxb5 8. b3
b4 9. Na4 Qc7 10. Bxc4 e6 11. Bb2 Bb7 12. Rc1 Qd8 13. Qe2 Nbd7 14. O-O Be7 15.
Rfd1 O-O 16. Ne5 Nb6 17. Nxb6 Qxb6 18. Bd3 Rac8 19. Nc4 Qc7 20. f3 Qd7 21. Ra1
Ba8 22. e4 Rfd8 23. Ra5 Rc7 24. Rda1 Rb8 25. Ne5 Qc8 26. Rxa7 Rxa7 27. Rxa7 Kf8
28. Ba6 Bb7 29. Rxb7 Rxb7 30. Bxb7 Qxb7 31. Qc2 Ne8 32. Nd3 Nc7 33. Qc4 g6 34.
Kf1 f5 35. Nc5 Bxc5 36. Qxc5+ Kf7 37. exf5 gxf5 38. Kf2 Nd5 39. Bc1 Qc7 40.
Qxc7+ Nxc7 41. Bd2 Nd5 42. Ke2 Kf6 43. Kd3 f4 44. Kc4 Kf5 45. g3 fxg3 46. hxg3
Kf6 47. Bxb4 Ne3+ 48. Kd3 Nf5 49. Be1 Nd6 50. g4 Nb5 51. Bg3 Ke7 52. Kc4 Na3+
53. Kc5 Kd7 54. b4 Nc2 55. b5 Kc8 56. Bf2 Kb8 57. Kc4 Na3+ 58. Kb4 Nb1 59. Be3
Kc7 60. Kb3 Kb7 61. Kb2 Nd2 62. Bxd2 Kb6 63. Bf4 Kxb5 64. Kc3 Kb6 65. Kc4 Kc6
66. Be5 Kb6 67. d5 1-0

[Event "KAUPTHING OPEN 2007 B"]
[Site "?"]
[Date "2007.07.14"]
[Round "9.16"]
[White "Wagener, Christophe"]
[Black "Fadil, Hicham"]
[Result "1-0"]
[WhiteElo "1930"]
[BlackElo "1769"]
[PlyCount "95"]
[EventDate "2007.07.18"]

1. Nf3 g6 2. e4 Bg7 3. d3 Na6 4. g3 c6 5. Bg2 d5 6. e5 h5 7. h4 Nh6 8. O-O Bf5
9. a3 Ng4 10. Re1 Qb6 11. Qe2 Nc5 12. Nbd2 e6 13. Nf1 Nd7 14. d4 c5 15. c3 c4
16. Bg5 Bh6 17. Bxh6 Nxh6 18. Ng5 O-O-O 19. Ne3 Bd3 20. Qd2 Rhf8 21. Bf1 Bxf1
22. Rxf1 a5 23. a4 Qc6 24. Qc2 Nf5 25. Ng2 f6 26. exf6 Rxf6 27. Rfe1 Re8 28.
Nf3 Nxg3 29. Ne5 Nxe5 30. dxe5 Rf5 31. fxg3 Qb6+ 32. Kh2 Rf2 33. Re2 Ref8 34.
Rae1 R8f3 35. Qd2 Rd3 36. Qh6 Rff3 37. Qxg6 Rxg3 38. Qxg3 Rxg3 39. Kxg3 d4 40.
cxd4 Qxd4 41. Nf4 c3 42. Rc2 Qxa4 43. Rxc3+ Kd7 44. Nxh5 b5 45. Nf6+ Ke7 46.
Rc7+ Kf8 47. Rf1 Qb3+ 48. Rf3 1-0

[Event "KAUPTHING OPEN 2007 B"]
[Site "?"]
[Date "2007.07.14"]
[Round "9.17"]
[White "Scheerer, Daniel"]
[Black "Ludewig, Robert"]
[Result "1-0"]
[WhiteElo "1716"]
[BlackElo "1910"]
[PlyCount "88"]
[EventDate "2007.07.18"]

1. e4 e5 2. Nf3 Nc6 3. d4 exd4 4. Nxd4 Bc5 5. Be3 Bb6 6. Nc3 d6 7. Bc4 Nf6 8.
f3 Bd7 9. Qd2 Qe7 10. Ndb5 Rc8 11. Bxb6 axb6 12. O-O Ne5 13. Bb3 O-O 14. Nd4
Ra8 15. Rfe1 Be6 16. Nxe6 fxe6 17. Nb5 Nh5 18. Rf1 Nf4 19. a3 Rad8 20. Rad1 Rf6
21. Nd4 d5 22. Kh1 dxe4 23. fxe4 Rdf8 24. Nf5 Rxf5 25. exf5 Nh5 26. Bxe6+ Kh8
27. Qe2 Qh4 28. Qxe5 Nf6 29. Qg3 Qe4 30. Qd3 Qc6 31. Rfe1 Ng4 32. Rd2 h5 33. h3
Nf6 34. Red1 Qc5 35. Qc4 Qxc4 36. Bxc4 Ne4 37. Be6 Rf6 38. Rd8+ Kh7 39. R1d4
Ng3+ 40. Kh2 Nf1+ 41. Kg1 Ng3 42. Ra4 Ne2+ 43. Kf2 b5 44. Raa8 c6 1-0

[Event "KAUPTHING OPEN 2007 B"]
[Site "?"]
[Date "2007.07.14"]
[Round "9.18"]
[White "Marchal, Chantal"]
[Black "Marchal, Roger"]
[Result "1-0"]
[WhiteElo "1884"]
[BlackElo "1682"]
[PlyCount "77"]
[EventDate "2007.07.18"]

1. e4 c5 2. Nf3 e6 3. d4 cxd4 4. Nxd4 a6 5. c4 Nf6 6. Nc3 Nc6 7. Nxc6 dxc6 8.
Qxd8+ Kxd8 9. Be3 Be7 10. Bb6+ Kd7 11. O-O-O+ Ke8 12. Be2 Nd7 13. Na4 Nxb6 14.
Nxb6 Rb8 15. Rd3 Bg5+ 16. Kc2 Ke7 17. Rhd1 f5 18. exf5 exf5 19. Nxc8+ Rhxc8 20.
Rd7+ Kf6 21. g3 Re8 22. R1d6+ Re6 23. Rxe6+ Kxe6 24. Rxg7 h6 25. c5 Kf6 26. Rh7
Kg6 27. Rd7 Re8 28. Bd3 Re7 29. Rd6+ Bf6 30. h4 h5 31. Kd1 Re5 32. Be2 Rd5+ 33.
Rxd5 cxd5 34. Kc2 Be7 35. b4 a5 36. a3 axb4 37. axb4 b6 38. c6 Bd6 39. Kd3 1-0

[Event "KAUPTHING OPEN 2007 B"]
[Site "?"]
[Date "2007.07.14"]
[Round "9.19"]
[White "Jouanny, Sebastien"]
[Black "Pietras, Ryszard"]
[Result "1-0"]
[WhiteElo "1681"]
[BlackElo "1800"]
[PlyCount "107"]
[EventDate "2007.07.18"]

1. d4 d5 2. c4 Nf6 3. cxd5 Nxd5 4. e4 Nb6 5. Be3 c6 6. Nf3 Bg4 7. Be2 g6 8.
Nbd2 Bg7 9. O-O O-O 10. h3 Bxf3 11. Nxf3 N8d7 12. Qc2 Rc8 13. Rad1 Qc7 14. Rc1
Qd8 15. Rfd1 h6 16. b4 e6 17. Ne5 Nxe5 18. dxe5 Qc7 19. f4 Rfd8 20. b5 Rxd1+
21. Qxd1 Bf8 22. bxc6 bxc6 23. Ba6 Rd8 24. Qc2 c5 25. Kh2 Nd7 26. Bb5 Rc8 27.
Qf2 Nb6 28. Ba6 Rd8 29. Bxc5 Na4 30. Be3 Qa5 31. Bc4 Nb6 32. Bb3 Qb4 33. Bxb6
Qxb6 34. Qxb6 axb6 35. Rc6 Bc5 36. f5 gxf5 37. exf5 exf5 38. Rf6 Rf8 39. Rxf5
Kg7 40. Kg3 Kg6 41. Rf6+ Kg7 42. Kf4 Bd4 43. g4 Bc3 44. h4 Bd4 45. g5 hxg5+ 46.
hxg5 Bc3 47. Kf5 Bd4 48. Rd6 Bc5 49. Rd7 Kg8 50. Kf6 Rc8 51. Rxf7 Rc6+ 52. Be6
Kh8 53. g6 Bf2 54. Rh7# 1-0

[Event "KAUPTHING OPEN 2007 B"]
[Site "?"]
[Date "2007.07.14"]
[Round "9.20"]
[White "Korman, Ewgenija"]
[Black "Berteau, Franck"]
[Result "1/2-1/2"]
[WhiteElo "1661"]
[BlackElo "1859"]
[PlyCount "68"]
[EventDate "2007.07.18"]

1. e4 c5 2. Nf3 g6 3. d4 Bg7 4. Nc3 cxd4 5. Nxd4 Nc6 6. Be3 Nf6 7. Be2 O-O 8.
O-O a6 9. a4 d6 10. Qd2 Rb8 11. f3 Bd7 12. Nb3 Re8 13. a5 Be6 14. Bb6 Qc8 15.
Nd5 Ne5 16. Ra4 Ned7 17. Rc4 Nc5 18. Nxc5 Bxd5 19. exd5 Qf5 20. g4 Qxd5 21.
Qxd5 Nxd5 22. Na4 Nxb6 23. axb6 Rbc8 24. Re1 Rxc4 25. Bxc4 Rc8 26. b3 e6 27.
Bd3 Rc6 28. c4 Bd4+ 29. Kg2 Bxb6 30. Nxb6 Rxb6 31. Bc2 Rc6 32. Be4 Rb6 33. Bc2
Rc6 34. Be4 Rb6 1/2-1/2

[Event "KAUPTHING OPEN 2007 B"]
[Site "?"]
[Date "2007.07.14"]
[Round "9.21"]
[White "Lockwood, William"]
[Black "Salentiny, Eric"]
[Result "1-0"]
[WhiteElo "1882"]
[BlackElo "1708"]
[PlyCount "81"]
[EventDate "2007.07.18"]

1. d4 c6 2. c4 g6 3. Nc3 Bg7 4. Nf3 d6 5. g3 Nd7 6. Bg2 c5 7. d5 a6 8. a4 Nb6
9. Nd2 h5 10. a5 Nd7 11. f4 Ngf6 12. Nf3 Nf8 13. e4 N6d7 14. Qe2 Nh7 15. e5 O-O
16. O-O Re8 17. Re1 Kf8 18. Qc2 Nb8 19. e6 Bf6 20. Ne4 Kg7 21. Nxf6 exf6 22. f5
g5 23. Qc3 g4 24. Ng5 Nxg5 25. Bxg5 fxe6 26. fxe6 Qe7 27. Rf1 Rf8 28. Rf5 Bxe6
29. dxe6 Qxe6 30. Raf1 Nd7 31. Bd5 Qe7 32. Bc1 Kg6 33. Qc2 Kg7 34. Rxh5 Rh8 35.
Rhf5 Raf8 36. Bxb7 Ne5 37. Bd5 Rh3 38. b3 Rfh8 39. R1f2 Nd7 40. Qe2 Qd8 41.
Qxg4+ 1-0

[Event "KAUPTHING OPEN 2007 B"]
[Site "?"]
[Date "2007.07.14"]
[Round "9.23"]
[White "Buchholtz, Léon"]
[Black "Poscic, Mark"]
[Result "1-0"]
[WhiteElo "1905"]
[BlackElo "1592"]
[PlyCount "45"]
[EventDate "2007.07.18"]

1. d4 Nf6 2. c4 e6 3. Nf3 c5 4. d5 exd5 5. cxd5 d6 6. Nc3 Na6 7. e4 Nc7 8. Be2
g6 9. O-O Bg7 10. Bg5 h6 11. Bf4 Nh5 12. Be3 O-O 13. Nd2 Nf6 14. Bf4 Qe7 15.
Re1 Rd8 16. Qc2 a6 17. Nc4 b5 18. Nxd6 Rxd6 19. e5 Bf5 20. exd6 Bxc2 21. dxe7
Ncxd5 22. Nxd5 Nxd5 23. Bf3 1-0

[Event "KAUPTHING OPEN 2007 B"]
[Site "?"]
[Date "2007.07.14"]
[Round "9.24"]
[White "Mahan, James Robert"]
[Black "Thiebaux, Jean-Claude"]
[Result "0-1"]
[WhiteElo "1514"]
[BlackElo "1836"]
[PlyCount "72"]
[EventDate "2007.07.18"]

1. d4 d5 2. Nf3 c6 3. e3 Nf6 4. Bd3 Bg4 5. Nbd2 e6 6. O-O Bd6 7. Re1 Nbd7 8. e4
dxe4 9. Nxe4 Nxe4 10. Bxe4 h6 11. h3 Bh5 12. g4 Bg6 13. Bxg6 fxg6 14. Qd3 Qf6
15. g5 Qf7 16. d5 cxd5 17. Qxd5 O-O 18. Qxe6 Qxe6 19. Rxe6 Bc5 20. Kg2 h5 21.
Be3 Bxe3 22. Rxe3 Rac8 23. c3 Nb6 24. Re2 Nd5 25. Rd2 Nf4+ 26. Kg3 Rc4 27. h4
Ne2+ 28. Kg2 Rg4+ 29. Kf1 Ng3+ 30. fxg3 Rxf3+ 31. Ke2 Rfxg3 32. Rd8+ Kh7 33.
Rh1 Rg2+ 34. Kd3 Rxb2 35. Re1 Rg3+ 36. Kc4 b5+ 0-1

[Event "KAUPTHING OPEN 2007 B"]
[Site "?"]
[Date "2007.07.14"]
[Round "9.25"]
[White "Hoefer, Michael"]
[Black "Kessler, Lucien"]
[Result "1-0"]
[WhiteElo "1423"]
[BlackElo "1553"]
[PlyCount "73"]
[EventDate "2007.07.18"]

1. e4 e5 2. Nf3 Nc6 3. Bc4 Bc5 4. d3 h6 5. Be3 d6 6. Bxc5 dxc5 7. c3 Nf6 8.
Nbd2 O-O 9. Qc2 a6 10. h3 b5 11. Bb3 Qd6 12. a4 b4 13. Nc4 Qe7 14. O-O Be6 15.
Nfd2 Nh5 16. Qd1 Nf4 17. Nf3 Rad8 18. g3 Nxd3 19. Qe2 Bxh3 20. Rfd1 Nxf2 21.
Qxf2 Qf6 22. Ne3 Be6 23. Bd5 Na5 24. Nd2 Qg6 25. Ndc4 Nxc4 26. Nxc4 Bxd5 27.
exd5 e4 28. Ne5 Qg5 29. Nc6 Rd6 30. cxb4 Rf6 31. Qe1 Re8 32. bxc5 Rf3 33. Ra3
e3 34. Kg2 Rf2+ 35. Qxf2 exf2 36. Kxf2 Qe3+ 37. Rxe3 1-0

[Event "KAUPTHING OPEN 2007 B"]
[Site "?"]
[Date "2007.07.14"]
[Round "9.26"]
[White "Steffen, Robert"]
[Black "Meisch, Jean-Paul"]
[Result "1/2-1/2"]
[WhiteElo "1552"]
[BlackElo "1456"]
[PlyCount "96"]
[EventDate "2007.07.18"]

1. e4 e5 2. Nf3 Nc6 3. Bb5 Nf6 4. O-O d6 5. d4 Bd7 6. Bg5 Be7 7. Re1 O-O 8. c3
a6 9. Ba4 b5 10. Bc2 Ne8 11. Be3 f5 12. dxe5 Nxe5 13. Nxe5 dxe5 14. Qd5+ Kh8
15. Qxe5 Bd6 16. Qd4 c5 17. Qd5 f4 18. Bxc5 Bxc5 19. Qxc5 Nc7 20. Qh5 Be8 21.
Qe5 Bg6 22. Na3 Qc8 23. Rad1 f3 24. Rd2 Qg4 25. Qg3 Qxg3 26. hxg3 Ne6 27. gxf3
Ng5 28. Bd1 Rxf3 29. Kg2 Raf8 30. e5 Be8 31. Bxf3 Nxf3 32. Red1 Nxd2 33. Rxd2
Bc6+ 34. Kg1 Re8 35. f4 g5 36. Rd4 gxf4 37. gxf4 Kg7 38. Nc2 a5 39. Ne3 h5 40.
Rd6 Be4 41. Ng2 Kf7 42. Rb6 Rg8 43. e6+ Ke7 44. Kf2 Rxg2+ 45. Ke3 Bf5 46. Rxb5
Kxe6 47. Re5+ Kf6 48. Re8 Rxb2 1/2-1/2

[Event "KAUPTHING OPEN 2007 B"]
[Site "?"]
[Date "2007.07.14"]
[Round "9.27"]
[White "Kasparova, Eva"]
[Black "Pinheiro, Philippe"]
[Result "1-0"]
[WhiteElo "1400"]
[BlackElo "1540"]
[PlyCount "81"]
[EventDate "2007.07.18"]

1. Nf3 Nc6 2. d3 Nf6 3. e4 e5 4. Nbd2 Bc5 5. Be2 d6 6. O-O Bd7 7. c3 Bb6 8. Nc4
O-O 9. a4 a5 10. Nxb6 cxb6 11. Be3 Be6 12. Ng5 Bc8 13. Qb3 Nd7 14. Nf3 Nc5 15.
Qc2 f5 16. exf5 Bxf5 17. Qd1 Kh8 18. d4 Nd7 19. dxe5 dxe5 20. Qd2 Qc7 21. Rfd1
Nc5 22. Qd6 Qxd6 23. Rxd6 Rad8 24. Bxc5 bxc5 25. Rad1 Rxd6 26. Rxd6 Bc2 27. Bb5
Rf6 28. Rd7 Be4 29. Bxc6 h6 30. Bxe4 g6 31. Kf1 b6 32. Ke2 g5 33. Ke3 Re6 34.
Nd2 g4 35. Nc4 Rf6 36. g3 h5 37. Nxe5 Kg8 38. Nc4 Rh6 39. Rb7 h4 40. Rxb6 Kg7
41. Rxh6 1-0

[Event "KAUPTHING OPEN 2007 B"]
[Site "?"]
[Date "2007.07.14"]
[Round "9.28"]
[White "Schuster, Tom"]
[Black "Gambucci, Daniela"]
[Result "0-1"]
[WhiteElo "1528"]
[BlackElo "1377"]
[PlyCount "66"]
[EventDate "2007.07.18"]

1. e4 c6 2. d4 d5 3. exd5 Qxd5 4. Nc3 Qa5 5. Bd2 Qb6 6. Bc1 e6 7. Nf3 Bb4 8.
Bd2 Nf6 9. a3 Bxc3 10. Bxc3 Ne4 11. Qd3 Nxc3 12. Qxc3 Nd7 13. Bc4 Nf6 14. Bb3
Bd7 15. Qd3 Qa5+ 16. Qd2 Qxd2+ 17. Nxd2 b5 18. f3 a5 19. Ne4 Nxe4 20. fxe4 Ke7
21. O-O a4 22. Ba2 f5 23. Rfe1 f4 24. Rac1 g5 25. c4 Rab8 26. Rb1 b4 27. Kf2 b3
28. Ra1 bxa2 29. Rxa2 Rb3 30. Ke2 h5 31. e5 h4 32. h3 Bc8 33. Kd2 Ba6 0-1

[Event "KAUPTHING OPEN 2007 B"]
[Site "?"]
[Date "2007.07.14"]
[Round "9.29"]
[White "Boyarchenko, Alexander Sr"]
[Black "Clement, Marc"]
[Result "1-0"]
[WhiteElo "1544"]
[BlackElo "1432"]
[PlyCount "85"]
[EventDate "2007.07.18"]

1. d4 d5 2. Nf3 Nf6 3. Bf4 e6 4. a3 Bd6 5. Bg5 h6 6. Bh4 g5 7. Bg3 Bxg3 8. hxg3
Ne4 9. Nbd2 f5 10. e3 Nd7 11. Bb5 c6 12. Be2 Qf6 13. Nxe4 fxe4 14. Nd2 Nf8 15.
Bh5+ Ng6 16. Qe2 Bd7 17. Nb3 b6 18. Rf1 O-O 19. O-O-O Kg7 20. Nd2 b5 21. f3
exf3 22. Nxf3 Qe7 23. Qd3 Be8 24. Rh1 e5 25. e4 Nf4 26. gxf4 Bxh5 27. Rxh5 Rxf4
28. Nxe5 dxe4 29. Qc3 Qe8 30. Nxc6 Qxh5 31. d5+ Kh7 32. Ne5 Rg8 33. Nd7 Qg6 34.
d6 Qe6 35. Ne5 Rc8 36. Qd4 Qf5 37. Qxa7+ Kh8 38. d7 Rxc2+ 39. Kxc2 e3+ 40. Kc1
Qxd7 41. Nxd7 e2 42. Re1 Rf1 43. Kd2 1-0

[Event "KAUPTHING OPEN 2007 B"]
[Site "?"]
[Date "2007.07.14"]
[Round "9.30"]
[White "Jagiello, Robert"]
[Black "Wolff, Chris"]
[Result "1-0"]
[WhiteElo "1292"]
[BlackElo "1200"]
[PlyCount "53"]
[EventDate "2007.07.18"]

1. e4 e5 2. Nf3 Nc6 3. Bc4 Nf6 4. Ng5 d5 5. exd5 Nxd5 6. Nxf7 Kxf7 7. Qf3+ Ke8
8. Bxd5 Qe7 9. Nc3 Nd4 10. Qd3 Be6 11. Bxb7 Bf5 12. Ne4 Rd8 13. O-O Ne6 14.
Qb5+ Qd7 15. Bc6 Nd4 16. Bxd7+ Bxd7 17. Qxe5+ Ne6 18. d4 Bd6 19. Nxd6+ cxd6 20.
Qxd6 Kf7 21. Re1 Rhe8 22. d5 Nd4 23. Bd2 Nxc2 24. Rxe8 Rxe8 25. Qxd7+ Re7 26.
Qf5+ Kg8 27. Qxc2 1-0

[Event "KAUPTHING OPEN 2007 B"]
[Site "?"]
[Date "2007.07.14"]
[Round "9.31"]
[White "Berchem Lux, Stéphane"]
[Black "Yanovska, Violeta"]
[Result "1-0"]
[WhiteElo "1200"]
[BlackElo "1200"]
[PlyCount "29"]
[EventDate "2007.07.18"]

1. e4 c5 2. Nf3 e6 3. Nc3 a6 4. Be2 h5 5. O-O Qc7 6. b3 h4 7. h3 Be7 8. Ba3 b6
9. d4 cxd4 10. Bxe7 Kxe7 11. Qxd4 f5 12. e5 Bb7 13. Nxh4 g5 14. Ng6+ Ke8 15.
Nxh8 1-0

[Event "KAUPTHING OPEN 2007 B"]
[Site "?"]
[Date "2007.07.14"]
[Round "9.32"]
[White "Blond Hanten, Elsa"]
[Black "Schaul, Georges"]
[Result "1-0"]
[WhiteElo "1200"]
[BlackElo "1200"]
[PlyCount "42"]
[EventDate "2007.07.18"]

1. e4 e5 2. Bc4 Nf6 3. Nf3 Nc6 4. O-O Be7 5. Nc3 O-O 6. d3 d6 7. Be3 b5 8. Bb3
a5 9. h4 a4 10. Bd5 Rb8 11. d4 exd4 12. Ne2 dxe3 13. fxe3 b4 14. a3 bxa3 15.
bxa3 h6 16. g4 g5 17. hxg5 hxg5 18. Rb1 Kg7 19. Rxb8 Rh8 20. Rxc8 Qxc8 21. Nfd4
Rh6 1-0